[Event "Landesliga Nord 9697"]
[Site "Bayern"]
[Date "1997.??.??"]
[Round "?"]
[White "Oehrlein, Thomas"]
[Black "Greul, Michael"]
[Result "1-0"]
[WhiteElo "2100"]
[BlackElo "1985"]
[PlyCount "81"]
[EventDate "1996.10.??"]
[EventType "team-tourn"]
[EventRounds "9"]
[EventCountry "GER"]
[SourceTitle "EXT 2020"]
[Source "ChessBase"]
[SourceDate "2019.10.17"]
[SourceVersion "1"]
[SourceVersionDate "2019.10.17"]
[SourceQuality "1"]
[WhiteTeam "Bamberg SC II"]
[BlackTeam "Schwabach"]
[WhiteTeamCountry "GER"]
[BlackTeamCountry "GER"]

1. e4 Nf6 2. Nc3 d5 3. e5 d4 4. Nce2 Ng8 5. Ng3 Qd5 6. f4 f6 7. Bd3 g6 8. Be4 Qb5 9. Nf3 c5 10. a4 Qa6 11. b4 cxb4 12. Bb2 Bg4 13. Bxd4 Nc6 14. Bxc6+ Qxc6 15. 0-0 Bg7 16. Qb1 a5 17. Qb2 Bxf3 18. Rxf3 f5 19. c3 e6 20. cxb4 Ne7 21. b5 Qd7 22. Rc1 Nd5 23. Bc5 Bf8 24. d4 Bh6 25. Ne2 g5 26. g3 gxf4 27. Nxf4 Bxf4 28. gxf4 Rg8+ 29. Rg3 Rxg3+ 30. hxg3 Qg7 31. Kf2 Kd7 32. Qe2 Rg8 33. Qf3 Rc8 34. Ba3 Rxc1 35. Bxc1 Kc8 36. Qa3 Nb4 37. Bd2 Qd7 38. Qc3+ Kb8 39. Qc4 Nd5 40. Bxa5 h5 41. Qc5 1-0